000 00672cam a2200265 4500
001 ABS60732
008 000000n1999 000 0 eng u
035 _a(Sirsi) u101383
245 _aFocus '99: Lancashire and Cumbria.
260 _c1999
490 _aEstates Gazette
_v(9926) 3 July 1999, 83-104(12)
650 _aLANCASHIRE
650 _aCUMBRIA
650 _aPRESTON
650 _aLEYLAND
650 _aCHORLEY
650 _aLANCASTER
650 _aMORECAMBE
650 _aM65 CORRIDOR
650 _aKENDAL
650 _aBARROW-IN-FURNESS
650 _aPENRITH
690 _aPROPERTY-COMMERCIAL PROPERTY-COMMERCIAL PROPERTY MARKET
942 _n0
999 _c60527
_d60527